Spolupráca MV ČSZTV a ÚNZ v Bratislave na úseku pohybovej aktivity občanov

Bibliographic Details
Main Author: Ferienčík, Kazimír (Author)
Format: Article
Language:Slovak
Subjects:

MARC

LEADER 00000nab a2200000 a 4500
001 vtls000042197
003 SK-MaSNL
005 20260303170311.0
008 220422c1979 xo 0 slo
015 |a SNBRB19rr/mm-uuuuu 
035 |a CL0052292 
040 |a SNKBUCL  |b slo  |c SNKBUCL  |e AACR2 
041 0 |a slo 
044 |a xo  |c SK 
080 |a 796.061.2  |2 1981 
080 |a 613.7  |2 1981 
100 1 |a Ferienčík, Kazimír  |4 aut  |9 283263 
245 1 0 |a Spolupráca MV ČSZTV a ÚNZ v Bratislave na úseku pohybovej aktivity občanov  |c Kazimír Ferienčík 
300 |b Obr. 1. 
650 0 7 |a telovýchova  |2 SNKPH  |9 1044 
650 0 7 |a Ústav národného zdravia (Bratislava, Slovensko)  |2 SNK  |9 1193413 
650 0 7 |a rekreácie  |2 SNKPH  |9 114220 
651 7 |a 5100  |2 snkbucl  |9 166206 
655 7 |a články z novín a časopisov  |2 SNK  |9 267496 
773 0 |t Tréner  |g Roč. 23, č. 9 (1979), s. 386-388 
850 |a Slovenská národná knižnica v Martine  |a MTA001 
852 |a SNK  |b KIS3GCP 
958 |a RK 
958 |a ME 
992 |a RBX 
999 |c 2076310  |d 2078240